000 00341nam a2200133Ia 4500
008 151001s9999||||xx |||||||||||||| ||und||
100 _aभा रा भागवत
245 _aबोला बोला मुछांसेन
250 _a1
260 _bशकून
260 _c1984
300 _a88
365 _b18
999 _c964094
_d964091